[Event "Snorlax"]
[Site "SchemingMind.com"]
[Date "2008.07.18"]
[Round "-"]
[White "Zugzwang"]
[Black "rao"]
[Result "0-1"]
[WhiteCountry "CAN"]
[BlackCountry "INT"]
[WhiteElo "1493"]
[WhiteRD "56"]
[BlackElo "1493"]
[BlackRD "73"]
[GameID "163893"]

1. d4 d5 2. Nf3 h6 3. e3 Bg4 4. c4 Nf6 5. Qb3 b6 6. Ne5 Bf5 7. Qa4+ Bd7 8. Nxd7 Qxd7 9. Qxd7+ Nbxd7 10. Bd3 e6
11. Nc3 Bb4 12. O-O dxc4 13. Bxc4 O-O 14. a3 Bxc3 15. bxc3 Ne4 16. f4 Nxc3 17. g4 Nf6 18. g5 hxg5 19. fxg5 Nh7 20. Bd3 Nxg5
21. e4 Ngxe4 22. Bxe4 Nxe4 23. Bf4 c5 24. Rae1 Nf6 25. Be5 Nd5 26. Re4 cxd4 27. Bxd4 Ne7 28. Rg4 Nf5 29. Bc3 f6 30. Rf3 Rad8
31. Rh3 Rd1+ 32. Kf2 Rc1 33. Bd2 Rc2 34. Ke1 Rd8 35. Bh6 Nxh6 36. Rxh6 Kf7 37. Rh7 Rg8 38. h4 f5 39. Rd4 Kg6
0-1

[Event "Snorlax"]
[Site "SchemingMind.com"]
[Date "2008.07.20"]
[Round "-"]
[White "toguints"]
[Black "rao"]
[Result "0-1"]
[WhiteCountry "PHI"]
[BlackCountry "INT"]
[WhiteElo "1460"]
[WhiteRD "79"]
[BlackElo "1540"]
[BlackRD "70"]
[GameID "163894"]

1. d4 d5 2. Nf3 Nc6 3. Bf4 Bf5 4. c3 e6 5. g3 h6 6. Bg2 Bd6 7. Bxd6 Qxd6 8. Na3 a6 9. O-O g5 10. Rc1 g4
11. Nd2 h5 12. f4 h4 13. b4 hxg3 14. hxg3 Qf8 15. Nc2 Nf6 16. e4 dxe4 17. Re1 Nd5 18. Na3 e3 19. Bxd5 exd2 20. Bxc6+ bxc6
21. Qxd2 Rh3 22. Qg2 a5 23. Qxc6+ Ke7 24. Qxc7+ Kf6 25. Nc2 Rxg3+ 26. Kf2 Rf3+ 27. Kg2 Qh8 28. Rh1 Rh3 29. Ne3 Be4+ 30. Kf2 Bxh1
31. Nxg4+ Kg7 32. Qe5+ Kf8 33. Qc5+ Kg8 34. Qg5+ Kf8 35. Qc5+ Kg8 36. Qg5+ Qg7 37. Nf6+ Kh8 38. Qg4 Rh2+ 39. Ke3 Qxf6 40. Qg3 Qh4
41. Qxh4+ Rxh4 42. Kf2 Rg8 43. Ke2 Rh3 44. Kd2 Be4 45. Re1 Rg2+ 46. Kc1 Rxc3+ 47. Kd1 Rxa2 48. Rxe4 Rb3 49. Kc1 Rh3 50. Kb1 Rg2
51. Re1 axb4 52. Rc1 b3 53. Rc8+ Kg7 54. Rc7 b2 55. Rb7 Rh1+
0-1

[Event "Snorlax"]
[Site "SchemingMind.com"]
[Date "2008.07.19"]
[Round "-"]
[White "z"]
[Black "rao"]
[Result "0-1"]
[WhiteCountry "IRQ"]
[BlackCountry "INT"]
[WhiteElo "1719"]
[WhiteRD "54"]
[BlackElo "1540"]
[BlackRD "70"]
[GameID "163895"]

1. e4 e5 2. Nf3 Nc6 3. Bb5 d6 4. d4 a6 5. Bxc6+ bxc6 6. dxe5 Bg4 7. exd6 Bxd6 8. O-O h6 9. Qd3 Ne7 10. Nbd2 O-O
11. b3 Ng6 12. Bb2 Nf4 13. Qc3 Ne2+ 14. Kh1 Nxc3 15. Bxc3 Re8 16. Rad1 Qc8 17. h3 Bxh3 18. gxh3 Qxh3+ 19. Kg1 g5 20. Rfe1 g4
21. Nd4 g3 22. fxg3 Bxg3 23. Nf1 Bf4 24. Rd3 Qg4+ 25. Kf2 Kh7 26. Rf3 Qh4+ 27. Ke2 Rxe4+ 28. Kd3 Rxe1 29. Bxe1 Qxe1 30. Rxf4 Kg8
31. Ne3 Re8 32. Rg4+ Kf8 33. Ndf5 Rd8+ 34. Ke4 Qh1+ 35. Ke5 h5 36. Rh4 Re8+ 37. Kf6 Re6+ 38. Kg5 Qg1+ 39. Kf4 Qf2+ 40. Kg5 Rg6+
41. Kxh5 Qf3+ 42. Rg4 Rxg4
0-1

[Event "Snorlax"]
[Site "SchemingMind.com"]
[Date "2008.07.18"]
[Round "-"]
[White "mrbiggs"]
[Black "rao"]
[Result "1-0"]
[WhiteCountry "USA"]
[BlackCountry "INT"]
[WhiteElo "1697"]
[WhiteRD "70"]
[BlackElo "1493"]
[BlackRD "73"]
[GameID "163896"]

1. e4 e5 2. f4 exf4 3. Nf3 Nc6 4. Bc4 Bc5 5. d4 Bd6 6. e5 Be7 7. Bxf4 h6 8. O-O Bg5 9. Bxg5 hxg5 10. Qd2 f6
11. Bxg8 Rxg8 12. Qd3 Qe7 13. d5 Qc5+ 14. Kh1 Nxe5 15. Nxe5 fxe5 16. Qg6+ Kd8 17. Qxg5+ Qe7 18. Qg6 d6 19. Rf7 Qh4 20. Nc3 Bd7
21. Raf1 Be8 22. Qe6 Rh8 23. h3 Rh6 24. Rd7+ Bxd7 25. Rf8+ Be8 26. Qxe8#
1-0

[Event "Snorlax"]
[Site "SchemingMind.com"]
[Date "2008.07.21"]
[Round "-"]
[White "Joe Daudish"]
[Black "rao"]
[Result "1-0"]
[WhiteCountry "USA"]
[BlackCountry "INT"]
[WhiteElo "1729"]
[WhiteRD "43"]
[BlackElo "1540"]
[BlackRD "70"]
[GameID "163897"]

1. d4 d5 2. Bf4 Nc6 3. Nf3 Bf5 4. c3 h6 5. e3 a6 6. Bd3 Be4 7. O-O Nf6 8. h3 e6 9. Bxe4 Nxe4 10. Nbd2 Bd6
11. Bxd6 Qxd6 12. Qc2 Ne7 13. Nxe4 dxe4 14. Qxe4 c6 15. Qe5 Qxe5 16. Nxe5 O-O 17. c4 Rfd8 18. b4 f6 19. Nf3 b5 20. Rfc1 Nf5
21. a4 g5 22. cxb5 cxb5 23. Rc6 Kf7 24. a5 h5 25. Rac1 Rd7 26. Rc7 Ke7 27. Rxd7+ Kxd7 28. Kf1 h4 29. Ke2 Rc8 30. Rxc8 Kxc8
31. Nd2 Nd6 32. Nb3 Ne4 33. Nc5 Nxc5 34. dxc5 f5 35. Kd3 e5 36. f3 Kc7 37. f4 gxf4 38. e4 f3 39. Ke3 fxg2 40. Kf2 g1=Q+
41. Kxg1 f4 42. Kf2 Kc6 43. Kf3 Kc7 44. Kg4 Kd7 45. Kxh4 Ke6 46. Kg4 Kf7 47. h4 Kf6 48. h5 Kf7 49. c6 Ke7 50. h6 Kd6
51. h7 Kxc6 52. h8=Q Kd6 53. Qf6+ Kd7 54. Qxe5 f3 55. Kxf3 Kc6 56. Qf6+ Kd7 57. Kf4 Kc7 58. Ke5 Kd7 59. Kd5 Kc7 60. Qg7+ Kd8
61. Kd6 Kc8 62. Qc7#
1-0

[Event "Snorlax"]
[Site "SchemingMind.com"]
[Date "2008.07.19"]
[Round "-"]
[White "Orhany24"]
[Black "Zugzwang"]
[Result "0-1"]
[WhiteCountry "TUR"]
[BlackCountry "CAN"]
[WhiteElo "1703"]
[WhiteRD "65"]
[BlackElo "1494"]
[BlackRD "57"]
[GameID "164099"]

1. e4 e5 2. Nf3 Nf6 3. Nxe5 d6 4. Nf3 Nxe4 5. d4 d5 6. Bd3 Bd6 7. c4 O-O 8. O-O Bg4 9. cxd5 f5 10. Nc3 Nd7
11. Nxe4 fxe4 12. Bxe4 Qe7 13. Re1 Qf7 14. Qd3 Qh5 15. Ne5 Nxe5 16. dxe5 Bxe5 17. g3 Bf5 18. Bxf5 Rxf5 19. Bd2 Raf8 20. Be3 a6
21. Qb3 b5 22. Rac1 Qh3 23. d6+ Kh8 24. dxc7 Bxg3 25. fxg3 Rh5 26. Qc2 Rc8 27. Bf4 g6
0-1

[Event "Snorlax"]
[Site "SchemingMind.com"]
[Date "2008.07.21"]
[Round "-"]
[White "Orhany24"]
[Black "toguints"]
[Result "1-0"]
[WhiteCountry "TUR"]
[BlackCountry "PHI"]
[WhiteElo "1750"]
[WhiteRD "68"]
[BlackElo "1466"]
[BlackRD "83"]
[GameID "164100"]

1. e4 c5 2. Nf3 Nc6 3. d4 cxd4 4. Nxd4 Nf6 5. Nxc6 bxc6 6. Bd3 e5 7. c4 Be7 8. O-O d5 9. cxd5 cxd5 10. Bb5+ Bd7
11. Qa4 O-O 12. exd5 a6 13. Bxd7 Qxd7 14. Qxd7 Nxd7 15. Nc3 Bb4 16. Bd2 Nb6 17. Rfe1 Nxd5 18. Rxe5 Nf6 19. a3 Bxc3 20. Bxc3 Ng4
21. Rg5 f6 22. Rxg4 Rfd8 23. Bxf6 Rd7 24. Bc3 g6 25. g3 Rd6 26. Rd4 Rc6 27. Rad1 Rb8 28. Rd8+ Rxd8 29. Rxd8+ Kf7 30. Rd7+ Ke6
31. Rxh7 Kf5 32. Kg2 Rc5 33. Rf7+ Ke6 34. Rf6+ Kd7 35. Rxa6 g5 36. Rg6 Rf5 37. h4 gxh4 38. gxh4 Rh5 39. Kg3 Ke7 40. Rg5 Rxg5+
41. hxg5 Kf7 42. Kg4 Kg6 43. f4 Kh7 44. f5 Kg8 45. Kh5 Kh7 46. g6+ Kg8 47. Kh6 Kf8 48. f6 Kg8 49. f7+ Kf8 50. Bb4#
1-0

[Event "Snorlax"]
[Site "SchemingMind.com"]
[Date "2008.07.20"]
[Round "-"]
[White "Orhany24"]
[Black "rao"]
[Result "1-0"]
[WhiteCountry "TUR"]
[BlackCountry "INT"]
[WhiteElo "1750"]
[WhiteRD "68"]
[BlackElo "1556"]
[BlackRD "65"]
[GameID "164101"]

1. e4 e5 2. Nf3 Nc6 3. Bc4 d6 4. h3 h6 5. O-O Nf6 6. d4 Nxe4 7. dxe5 Nxe5 8. Nxe5 dxe5 9. Qxd8+ Kxd8 10. Bxf7 Bc5
11. Be3 Bxe3 12. fxe3 Rf8 13. Bd5 Rxf1+ 14. Kxf1 Ng3+ 15. Kf2 c6 16. Bxc6 bxc6 17. Kxg3 Bf5 18. c3 Rb8 19. b3 g5 20. Nd2 e4
21. Rf1 Rb5 22. a4 Re5 23. Kf2 c5 24. Nc4 Rd5 25. Ke2 Bd7 26. Rf6 h5 27. Rd6 Rxd6 28. Nxd6 g4 29. h4 Bc6 30. g3 Bd5
31. b4 cxb4 32. cxb4 Kd7 33. Nf5 Bb3 34. a5 Kc6 35. Nd4+ Kd5 36. Nxb3 Kc4 37. Nd2+ Kxb4 38. Nxe4 Kxa5 39. Nc3 Kb4 40. Kd2 a5
41. Kd3 a4 42. Kd4 a3 43. e4 Ka5 44. e5 Kb6 45. Kd5 Kc7 46. Ke6 Kd8 47. Kf7 Kd7 48. e6+ Kc6 49. e7 Kc5 50. e8=Q Kc4
51. Qc6+ Kb3 52. Qc5 a2 53. Nxa2 Kxa2 54. Qxh5 Kb2 55. Qc5
1-0

[Event "Snorlax"]
[Site "SchemingMind.com"]
[Date "2008.07.19"]
[Round "-"]
[White "Orhany24"]
[Black "z"]
[Result "0-1"]
[WhiteCountry "TUR"]
[BlackCountry "IRQ"]
[WhiteElo "1703"]
[WhiteRD "65"]
[BlackElo "1719"]
[BlackRD "54"]
[GameID "164102"]

1. d4 d5 2. c4 dxc4 3. e4 e5 4. d5 c6 5. Bxc4 Nf6 6. Nc3 Bb4 7. Qd3 cxd5 8. exd5 Bxc3+ 9. Qxc3 O-O 10. Ne2 Bf5
11. O-O Nbd7 12. Ng3 Bg6 13. Bg5 Qb6 14. Bxf6 gxf6 15. Bd3 Rac8 16. Qd2 Qd4 17. Rfd1 Kh8 18. Bxg6 Qxd2 19. Rxd2 fxg6 20. h3 f5
21. Re1 Kg7 22. Ne2 Kf6 23. Nc3 a6 24. f4 exf4 25. Re6+ Kf7 26. Rd6 Nf6 27. Re2 Rfe8 28. Rxe8 Rxe8 29. Rb6 Re7 30. Kf2 Rd7
31. Kf3 g5 32. a4 h5 33. b4 Rc7 34. Ne2 Nxd5 35. Rh6 Nf6 36. Rh8 Rc4
0-1

[Event "Snorlax"]
[Site "SchemingMind.com"]
[Date "2008.07.19"]
[Round "-"]
[White "Orhany24"]
[Black "mrbiggs"]
[Result "1-0"]
[WhiteCountry "TUR"]
[BlackCountry "USA"]
[WhiteElo "1750"]
[WhiteRD "68"]
[BlackElo "1674"]
[BlackRD "71"]
[GameID "164103"]

1. e4 e5 2. Nf3 Nf6 3. Nxe5 d6 4. Nf3 Nc6 5. Bc4 Nxe4 6. O-O Be7 7. d4 d5 8. Bd3 O-O 9. c4 Nf6 10. h3 h6
11. a3 Be6 12. c5 b6 13. b4 a5 14. Bb2 axb4 15. axb4 Nxb4 16. Rxa8 Qxa8 17. Qb3 Nxd3 18. Qxd3 bxc5 19. dxc5 Ne4 20. Bd4 Nxc5
21. Bxc5 Bxc5 22. Nbd2 c6 23. Rc1 Qa7 24. Ne5 Bxf2+ 25. Kh1 c5 26. Qf3 Bd4 27. Nc6 Qa4 28. Ne7+ Kh7 29. Nxd5 Bxd5 30. Qxd5 f6
31. Nf3 Be3 32. Qd3+ Kh8 33. Qxe3 c4 34. Qc3 Rc8 35. Nd2 Qa6 36. Nxc4 Qe6 37. Qd3 Kg8 38. Qb3 Kh8 39. Qc3 Qa6 40. Qd4 Qe6
41. Rc2 Qe1+ 42. Kh2 Qb1 43. Qd7 Qxc2 44. Qxc8+ Kh7 45. Nd6 Qxc8 46. Nxc8 Kg6 47. g4 h5 48. Kg3 hxg4 49. hxg4 f5 50. Ne7+ Kg5
51. Nxf5 g6 52. Ne3 Kf6 53. Kf4 Kf7 54. Ke5 Kg7 55. g5 Kf7 56. Nd5 Kg7 57. Ke6 Kh7 58. Kf6 Kh8 59. Nf4
1-0

[Event "Snorlax"]
[Site "SchemingMind.com"]
[Date "2008.07.21"]
[Round "-"]
[White "Orhany24"]
[Black "Joe Daudish"]
[Result "0-1"]
[WhiteCountry "TUR"]
[BlackCountry "USA"]
[WhiteElo "1703"]
[WhiteRD "65"]
[BlackElo "1729"]
[BlackRD "43"]
[GameID "164104"]

1. e4 e6 2. d4 d5 3. exd5 Qxd5 4. c4 Qd8 5. a3 Nf6 6. Nc3 c6 7. Nf3 Nbd7 8. Bd3 Be7 9. O-O b6 10. b4 O-O
11. Bb2 Bb7 12. Rc1 a5 13. Bb1 axb4 14. axb4 Bxb4 15. Qb3 Bxc3 16. Qxc3 Re8 17. Rfe1 Nf8 18. Rcd1 Ng6 19. h4 Qc7 20. g3 c5
21. Ne5 cxd4 22. Qxd4 Nxe5 23. Qxe5 Qxc4 24. Rd4 Qc5 25. Qxc5 bxc5 26. Rc4 Rec8 27. Rec1 Ra5 28. Bd4 Nd7 29. Be3 Bd5 30. R4c3 c4
31. g4 Ne5 32. Bd4 Nf3+ 33. Rxf3 Bxf3 34. Bb6 Rb5 35. Be3 Bxg4 36. Kh2 Bf5 37. Bxf5 Rxf5 38. Kg3 h5 39. Rc3 f6 40. f4 Rb5
41. Kf3 Rb3
0-1

[Event "Snorlax"]
[Site "SchemingMind.com"]
[Date "2008.07.19"]
[Round "-"]
[White "Zugzwang"]
[Black "Orhany24"]
[Result "1-0"]
[WhiteCountry "CAN"]
[BlackCountry "TUR"]
[WhiteElo "1494"]
[WhiteRD "57"]
[BlackElo "1703"]
[BlackRD "65"]
[GameID "164105"]

1. d4 d5 2. Nf3 h6 3. e3 Nf6 4. Bd3 e6 5. O-O Be7 6. Nbd2 O-O 7. Qe2 c5 8. c3 c4 9. Bc2 Nc6 10. e4 dxe4
11. Nxe4 b5 12. Nxf6+ Bxf6 13. Qe4 g6 14. Qxc6 Bd7 15. Qe4 Kg7 16. Re1 Qc7 17. Nh4 Bxh4 18. Qxh4 Rh8 19. Re3 Qd8 20. Qxd8 Raxd8
21. Rg3 Rdg8 22. Bf4 Kf8 23. Re1 Ke7 24. d5 g5 25. d6+
1-0

[Event "Snorlax"]
[Site "SchemingMind.com"]
[Date "2008.07.22"]
[Round "-"]
[White "toguints"]
[Black "Orhany24"]
[Result "0-1"]
[WhiteCountry "PHI"]
[BlackCountry "TUR"]
[WhiteElo "1460"]
[WhiteRD "79"]
[BlackElo "1703"]
[BlackRD "65"]
[GameID "164106"]

1. d4 d5 2. Nc3 Nf6 3. Bg5 e6 4. e4 dxe4 5. Nxe4 Be7 6. Bxf6 Bxf6 7. Nf3 O-O 8. Bc4 a6 9. Qd3 b5 10. Bb3 Bb7
11. h4 Nc6 12. c3 Na5 13. Bc2 g6 14. g4 Bg7 15. h5 Nc4 16. O-O-O Nd6 17. Nfg5 Nxe4 18. Nxe4 f5 19. Nc5 Bxh1 20. Nxe6 Be4
21. Qe3 Qe7 22. Nxf8 Rxf8 23. Bb3+ Kh8 24. f3 fxg4 25. Qxe4 Qxe4 26. fxe4 Bh6+ 27. Kc2 Rf2+ 28. Kb1 g3 29. a4 g2 30. Rg1 Rf1+
31. Rxf1 gxf1=Q+ 32. Ka2 Qe2 33. Ka3 Bf8+ 34. Ka2 Qxe4 35. axb5 axb5 36. c4 bxc4 37. Bxc4 Qxd4 38. b3 Qd2+ 39. Kb1 Ba3
0-1

[Event "Snorlax"]
[Site "SchemingMind.com"]
[Date "2008.07.20"]
[Round "-"]
[White "rao"]
[Black "Orhany24"]
[Result "0-1"]
[WhiteCountry "INT"]
[BlackCountry "TUR"]
[WhiteElo "1556"]
[WhiteRD "65"]
[BlackElo "1750"]
[BlackRD "68"]
[GameID "164107"]

1. e4 c5 2. Bc4 Nc6 3. d3 d6 4. h3 e5 5. Qf3 Nf6 6. Bg5 Be7 7. Ne2 O-O 8. Nbc3 a6 9. Nd5 Nxd5 10. Bxe7 Ndxe7
11. c3 b5 12. Bb3 Kh8 13. Ng3 Na5 14. Bc2 Bd7 15. a3 f5 16. b4 Nac6 17. O-O f4 18. Ne2 Ng8 19. Bb3 Qf6 20. bxc5 dxc5
21. Bd5 Rac8 22. c4 Nge7 23. Rac1 g5 24. Qh5 Kg7 25. cxb5 axb5 26. Rxc5 Nxd5 27. Rxd5 Be8 28. Qg4 Ne7 29. d4 h5 30. Qf3 Nxd5
31. dxe5 Qxe5 32. exd5 Bg6 33. Qb3 Qxe2 34. d6 Qc4 35. Qb2+ Kh7 36. Qe5 Kh6 37. Qe7 Rfe8 38. Qf6 Qe6 39. Qxe6 Rxe6 40. d7 Rd8
41. Rd1 Re7 42. Rd5 Rexd7 43. Rxb5 Ra7 44. Rb3 Rda8 45. g3 Rxa3 46. Rxa3 Rxa3 47. gxf4 Rxh3 48. fxg5+ Kxg5 49. Kg2 Kg4 50. f4 Be4+
51. Kf2 Rf3+ 52. Ke2 h4 53. f5 Bxf5 54. Kd2 h3 55. Ke2 h2 56. Kd2 Bc2 57. Kxc2 h1=Q
0-1

[Event "Snorlax"]
[Site "SchemingMind.com"]
[Date "2008.07.19"]
[Round "-"]
[White "z"]
[Black "Orhany24"]
[Result "1-0"]
[WhiteCountry "IRQ"]
[BlackCountry "TUR"]
[WhiteElo "1719"]
[WhiteRD "54"]
[BlackElo "1703"]
[BlackRD "65"]
[GameID "164108"]

1. f4 f5 2. b3 Nf6 3. Bb2 e6 4. e3 Be7 5. Nf3 O-O 6. Be2 d5 7. Ne5 c5 8. O-O Nbd7 9. d3 Nxe5 10. Bxe5 b5
11. c4 bxc4 12. bxc4 Bb7 13. Bf3 Qb6 14. Nc3 a5 15. Rb1 Qc6 16. Qb3 Ba6 17. cxd5 Qe8 18. d6 Bd8 19. Bxa8 Bxd3 20. Bf3 c4
21. Qb5 Bxf1 22. Kxf1 Qxb5 23. Rxb5
1-0

[Event "Snorlax"]
[Site "SchemingMind.com"]
[Date "2008.07.20"]
[Round "-"]
[White "mrbiggs"]
[Black "Orhany24"]
[Result "0-1"]
[WhiteCountry "USA"]
[BlackCountry "TUR"]
[WhiteElo "1674"]
[WhiteRD "71"]
[BlackElo "1750"]
[BlackRD "68"]
[GameID "164109"]

1. e4 c5 2. Nf3 Nc6 3. Bc4 d6 4. O-O e6 5. Nc3 a6 6. d4 cxd4 7. Nxd4 Nf6 8. Re1 Be7 9. Nf3 O-O 10. Bg5 b5
11. Bd3 Bb7 12. a3 Qc7 13. Qd2 Rad8 14. Bf4 e5 15. Be3 Ng4 16. Bg5 Bxg5 17. Qxg5 Bc8 18. Nd5 Qd7 19. h3 h6 20. Qxg4 Qxg4
21. hxg4 Bxg4 22. Re3 f5 23. exf5 Bxf5 24. Bxf5 Rxf5 25. c3 Rdf8 26. Nc7 a5 27. Nxb5 d5 28. Rf1 g5 29. Nd6 R5f6 30. Nb5 e4
31. Nfd4 Ne5 32. Nb3 Nc4 33. Re2 g4 34. Nc5 R8f7 35. b3 Ne5 36. Nd4 g3 37. b4 axb4 38. axb4 Ng4 39. f3 Nf2 40. fxe4 Rf4
41. Ree1 Rh4 42. Rxf2 gxf2+ 43. Kf1 Rh1+ 44. Ke2 Rxe1+
0-1

[Event "Snorlax"]
[Site "SchemingMind.com"]
[Date "2008.07.22"]
[Round "-"]
[White "Joe Daudish"]
[Black "Orhany24"]
[Result "1-0"]
[WhiteCountry "USA"]
[BlackCountry "TUR"]
[WhiteElo "1729"]
[WhiteRD "43"]
[BlackElo "1703"]
[BlackRD "65"]
[GameID "164110"]

1. d4 d5 2. Bf4 Nf6 3. Nf3 e6 4. h3 Bd6 5. Bxd6 Qxd6 6. c3 O-O 7. e3 c5 8. Be2 Nc6 9. O-O a6 10. Nbd2 b5
11. a3 Bb7 12. dxc5 Qxc5 13. Nb3 Qb6 14. Nbd4 e5 15. Nxc6 Bxc6 16. Nxe5 Bb7 17. Nf3 Rad8 18. Qd4 Qc7 19. Rad1 h6 20. Qe5 Qb6
21. Rd4 Ne4 22. Nd2 Rfe8 23. Qf4 Qg6 24. Bf3 Ng5 25. Qg3 Re6 26. Qc7 Rf6 27. Qxd8+ Kh7 28. Qd7 Bc6 29. Qg4 Qc2 30. Bxd5 Bxd5
31. Rxd5 Qxb2 32. Ne4 Nxe4 33. Qxe4+ g6 34. Qb4 Qa2 35. Rd8
1-0

[Event "Snorlax"]
[Site "SchemingMind.com"]
[Date "2008.07.19"]
[Round "-"]
[White "olavax"]
[Black "Zugzwang"]
[Result "1-0"]
[WhiteCountry "FRA"]
[BlackCountry "CAN"]
[WhiteElo "1653"]
[WhiteRD "104"]
[BlackElo "1493"]
[BlackRD "56"]
[GameID "164112"]

1. e4 e5 2. Nf3 Nf6 3. Bc4 Nxe4 4. Nc3 Nxc3 5. dxc3 f6 6. O-O d6 7. Be3 Nc6 8. a3 Bg4 9. h3 Bxf3 10. Qxf3 Qd7
11. Bd3 O-O-O 12. Bf5
1-0

[Event "Snorlax"]
[Site "SchemingMind.com"]
[Date "2008.07.19"]
[Round "-"]
[White "olavax"]
[Black "Orhany24"]
[Result "0-1"]
[WhiteCountry "FRA"]
[BlackCountry "TUR"]
[WhiteElo "1818"]
[WhiteRD "78"]
[BlackElo "1703"]
[BlackRD "65"]
[GameID "164113"]

1. e4 c5 2. d4 cxd4 3. c3 dxc3 4. Nxc3 d6 5. Bc4 Nc6 6. Nf3 e6 7. O-O Nf6 8. Bg5 Be7 9. Qe2 O-O 10. Rfd1 Qa5
11. Be3 a6 12. a3 b5 13. Ba2 Bb7 14. b4 Qc7 15. Rac1 Rac8 16. h3 Qb8 17. g4 h6 18. g5 hxg5 19. Bxg5 Nh7 20. h4 Bxg5
21. hxg5 Ne7 22. Kg2 Ng6 23. Kg3 d5+ 24. e5 d4 25. Rxd4 Bxf3 26. Qxf3 Qxe5+ 27. Rf4 Nxg5
0-1

[Event "Snorlax"]
[Site "SchemingMind.com"]
[Date "2008.07.21"]
[Round "-"]
[White "olavax"]
[Black "toguints"]
[Result "1-0"]
[WhiteCountry "FRA"]
[BlackCountry "PHI"]
[WhiteElo "1818"]
[WhiteRD "78"]
[BlackElo "1460"]
[BlackRD "79"]
[GameID "164114"]

1. e4 c5 2. d4 d6 3. Nf3 Nf6 4. Bd3 Nc6 5. c3 Bg4 6. d5 Ne5 7. Nxe5 Bxd1 8. Bb5+ Nd7 9. Nxd7 Qxd7 10. Bxd7+ Kxd7
11. Kxd1 e5 12. f4 f6 13. Kc2 exf4 14. Bxf4 g5 15. Bg3 Re8 16. Nd2 h5 17. h3 Bg7 18. Rae1 h4 19. Bh2 b5 20. g4 hxg3
21. Bxg3 a5 22. a4 b4 23. Nc4 bxc3 24. bxc3 Bf8 25. Kd3 Rd8 26. Nxa5 Ra8 27. Nc4 Be7 28. Nb6+ Kc7 29. Nxa8+ Rxa8 30. Ra1 Rc8
31. h4 Kd7 32. c4 Rg8 33. h5 Rf8 34. h6 Rh8 35. h7 Ke8 36. a5 Kf7 37. a6 Kg6 38. a7 Rxh7 39. Rxh7 Kxh7 40. a8=Q Kg6
41. Qg8+ Kh5 42. Qh7+ Kg4 43. Qf5+ Kxg3 44. Rg1+ Kh4 45. Qg4#
1-0

[Event "Snorlax"]
[Site "SchemingMind.com"]
[Date "2008.07.20"]
[Round "-"]
[White "olavax"]
[Black "rao"]
[Result "0-1"]
[WhiteCountry "FRA"]
[BlackCountry "INT"]
[WhiteElo "1653"]
[WhiteRD "104"]
[BlackElo "1493"]
[BlackRD "73"]
[GameID "164115"]

1. e4 e5 2. Nf3 Nc6 3. Bc4 Bc5 4. O-O d6 5. c3 Nf6 6. d3 Bg4 7. Bg5 h6 8. Bxf6 Qxf6 9. Nbd2 Ne7 10. Qb3 Bb6
11. d4 Ng6 12. d5 Nf4 13. Bb5+ Kf8 14. Rfe1 Nh3+ 15. gxh3 Bxf3 16. Nxf3 Qxf3 17. Qc2 Qxh3 18. c4 Qg4+ 19. Kh1 Qf4 20. c5 Bxc5
21. Re2 a6 22. Bd3 h5 23. Rg1 h4 24. Rg2 Qf3 25. Kg1 Rh6
0-1

[Event "Snorlax"]
[Site "SchemingMind.com"]
[Date "2008.07.19"]
[Round "-"]
[White "olavax"]
[Black "z"]
[Result "1-0"]
[WhiteCountry "FRA"]
[BlackCountry "IRQ"]
[WhiteElo "1818"]
[WhiteRD "78"]
[BlackElo "1719"]
[BlackRD "54"]
[GameID "164116"]

1. e4 e6 2. d4 d5 3. exd5 exd5 4. c4 Nf6 5. Bg5 Be7 6. Nc3 c6 7. Bd3 O-O 8. Nge2 dxc4 9. Bxc4 b5 10. Bb3 Bb7
11. O-O a6 12. Re1 Nbd7 13. Ng3 c5 14. d5 Nb6 15. Nf5 Re8 16. d6 Bf8 17. Rxe8 Qxe8 18. Bxf6 gxf6 19. Qg4+ Kh8 20. Bc2 Qe5
21. f4 Qd4+ 22. Nxd4
1-0

[Event "Snorlax"]
[Site "SchemingMind.com"]
[Date "2008.07.19"]
[Round "-"]
[White "olavax"]
[Black "mrbiggs"]
[Result "0-1"]
[WhiteCountry "FRA"]
[BlackCountry "USA"]
[WhiteElo "1653"]
[WhiteRD "104"]
[BlackElo "1697"]
[BlackRD "70"]
[GameID "164117"]

1. e4 e5 2. Nf3 Nf6 3. Bc4 Nc6 4. d3 Bc5 5. O-O O-O 6. Bb3 h6 7. c3 Re8 8. Be3 Bxe3 9. fxe3 d6 10. Nh4 Na5
11. Bc2 Nxe4 12. Qh5 Nf6 13. Qe2 Bg4 14. Qe1 Nc6 15. e4 Nh5 16. Qf2 Qe7 17. Nf5 Qf6 18. Nd2 Nf4 19. g3 Nh3+
0-1

[Event "Snorlax"]
[Site "SchemingMind.com"]
[Date "2008.07.21"]
[Round "-"]
[White "olavax"]
[Black "Joe Daudish"]
[Result "1-0"]
[WhiteCountry "FRA"]
[BlackCountry "USA"]
[WhiteElo "1818"]
[WhiteRD "78"]
[BlackElo "1729"]
[BlackRD "43"]
[GameID "164118"]

1. e4 e6 2. d4 d5 3. exd5 Qxd5 4. Nc3 Qd8 5. Nf3 Nf6 6. Bd3 Be7 7. O-O Nbd7 8. Ne4 Nxe4 9. Bxe4 Nf6 10. Bd3 O-O
11. Bf4 b6 12. c3 Bb7 13. Ne5 Nd5 14. Bg3 Bd6 15. Qc2 g6 16. Rae1 Kg7 17. f4 c5 18. dxc5 Bxc5+ 19. Bf2 Nxf4 20. Bxc5 Nxd3
21. Bxf8+ Kxf8 22. Qxd3 Qxd3 23. Nxd3 Ba6 24. Rf3 Bxd3 25. Rxd3 Ke7 26. Red1 a5 27. a4 h5 28. Rd7+ Kf6 29. Rb7 g5 30. Rf1+ Ke5
31. Rfxf7 Rd8 32. Rfd7 Rc8 33. Rxb6 Rc4 34. Rb5+ Ke4 35. Rd4+
1-0

[Event "Snorlax"]
[Site "SchemingMind.com"]
[Date "2008.07.19"]
[Round "-"]
[White "Zugzwang"]
[Black "olavax"]
[Result "0-1"]
[WhiteCountry "CAN"]
[BlackCountry "FRA"]
[WhiteElo "1494"]
[WhiteRD "57"]
[BlackElo "1818"]
[BlackRD "78"]
[GameID "164119"]

1. d4 d6 2. e4 Nf6 3. Bd3 e5 4. Nd2 exd4 5. Ngf3 Be7 6. Nxd4 O-O 7. O-O Nbd7 8. Qe2 Ne5 9. f4 Nxd3 10. cxd3 c5
11. Nf5 Bxf5 12. exf5 d5 13. b3 b5 14. Rf3 Nd7 15. Rh3 g6 16. Bb2 Bf6 17. Bxf6 Qxf6 18. Rf1 Qxf5 19. Rff3 Rae8 20. Qf2 Re7
21. Qh4 f6 22. Rfg3 g5 23. Rg4 Rg7 24. Qg3 Re8 25. Nf3 Qxd3 26. fxg5 Qd1+ 27. Ne1 Rxe1+
0-1

[Event "Snorlax"]
[Site "SchemingMind.com"]
[Date "2008.07.19"]
[Round "-"]
[White "Orhany24"]
[Black "olavax"]
[Result "0-1"]
[WhiteCountry "TUR"]
[BlackCountry "FRA"]
[WhiteElo "1703"]
[WhiteRD "65"]
[BlackElo "1818"]
[BlackRD "78"]
[GameID "164120"]

1. d4 d6 2. e4 Nf6 3. Bd3 e5 4. d5 Be7 5. c4 c6 6. Nc3 O-O 7. Nge2 a5 8. a4 Na6 9. O-O Nc5 10. Bc2 Nfd7
11. f4 exf4 12. Bxf4 Nb6 13. b3 f5 14. exf5 Bxf5 15. Nd4 Bxc2 16. Qxc2 Bf6 17. Ne6 Nxe6 18. dxe6 Re8 19. Rae1 d5 20. c5 Nc8
21. Be5 Rxe6 22. Bxf6 Rxf6 23. Qe2 Rxf1+ 24. Rxf1 Ne7 25. Qe6+ Kh8 26. Rf7 Ng6 27. Rxb7 Qh4 28. Qe3 d4 29. g3 Qf6 30. Ne4 dxe3
31. Nxf6 gxf6 32. Kf1 Ne5 33. Ke2 Rd8 34. Kxe3 Rd7 35. Rb8+ Kg7 36. Ra8 Rd3+ 37. Ke4 Rxb3 38. Rxa5 Ra3 39. Ra7+ Kg6 40. a5 Ra4+
41. Ke3 Nc4+ 42. Kf3 Rxa5 43. Rc7 Rxc5 44. h4 Ne5+
0-1

[Event "Snorlax"]
[Site "SchemingMind.com"]
[Date "2008.07.21"]
[Round "-"]
[White "toguints"]
[Black "olavax"]
[Result "0-1"]
[WhiteCountry "PHI"]
[BlackCountry "FRA"]
[WhiteElo "1460"]
[WhiteRD "79"]
[BlackElo "1818"]
[BlackRD "78"]
[GameID "164121"]

1. d4 d6 2. Nf3 Nf6 3. Nc3 Bg4 4. e4 Nbd7 5. Be2 e5 6. d5 Be7 7. O-O O-O 8. h3 Bh5 9. Ng5 Bg6 10. Nf3 Nxe4
11. Nxe4 Bxe4 12. c4 Nc5 13. b4 Nd7 14. a3 Bg6 15. Bd3 f5 16. Bc2 e4 17. Nd4 Qb8 18. Bf4 Bf6 19. Ne6 Re8 20. Ng5 Bxa1
21. Qxa1 Nf8 22. h4 Qd8 23. Nh3 h6 24. Ba4 Re7 25. Re1 Nd7 26. Bg3 Qf8 27. Nf4 Bf7 28. h5 Ne5 29. Bh4 Nxc4 30. Bxe7 Qxe7
31. f3 Nb6 32. Bc2 Qg5 33. Ne6 Bxe6 34. dxe6 exf3 35. Kf2 Qxg2+ 36. Ke3 Qxc2 37. Kxf3 Nc4 38. Kg3 Ne5 39. Rg1 Qb3+ 40. Kf2 Qxe6
41. Qc3 Ng4+ 42. Kg3 Qe3+ 43. Qxe3 Nxe3 44. Kf4 Re8 45. Rc1 Re4+ 46. Kf3 Rc4 47. Re1 Nc2 48. Ke2 Nxe1
0-1